000 01049cam a22003617a 4500
003 CHAP
005 20220817043929.0
008 040311d2003 it rn 00110 eng d
010 _a88147
011 _a89119
020 _a9251049580
035 _a99668
040 _cCHAP
082 0 4 _a639.2
_bF3 v.441
110 2 _aFAO
245 1 2 _aA guide to the seaweed industry
_c/by Dennis J. McHugh
260 _aRoma :
_bFAO,
_c2003.
300 _a105 p. :
_bilus.
410 0 0 _aFAO
490 0 _aDocumento técnico de pesca
_v; 441
590 _aBATCH-UPD
_b10
_c20130110
_lUCH01
_h0708
590 _aBATCH-UPD
_b10
_c20130410
_lUCH01
_h0354
590 _aBATCH-UPD
_b10
_c20130914
_lUCH01
_h0047
590 _aCONVERSION
_b10
_c20130109
_lUCH01
_h1349
650 1 4 _aAlgas.
_93947
700 0 _aMcHugh, Dennis J.
_973593
810 0 _aFAO
830 0 0 _aDocumento técnico de pesca
_v; 441
_933242
901 _aBK
905 _aAlejandra Carrasco M.
942 _cLIBRO
949 _a639.2 F3 v.441
_bBC
_cFAO
_d33724000921961
_eFAO1
_h104507
_i99668
_sb
999 _c88147
_d88147